[Event "World Championship (rapid) 2015"]
[Site "Berlin GER"]
[Date "2015.10.11"]
[Round "6"]
[White "Ponomariov, Ruslan"]
[Black "Bruzon Batista, Lazaro"]
[Result "1/2-1/2"]
[WhiteElo "2710"]
[BlackElo "2659"]
[PlyCount "114"]
[EventDate "2015.10.10"]

1. e4 c5 2. Nf3 d6 3. d4 Nf6 4. Nc3 cxd4 5. Nxd4 a6 6. Be3 e5 7. Nb3 Be6 8. f3
h5 9. Nd5 Bxd5 10. exd5 Nbd7 11. Qd2 g6 12. Be2 Bg7 13. O-O O-O 14. c4 b6 15.
Rac1 a5 16. Na1 Kh7 17. h3 Ng8 18. g4 Bh6 19. g5 Bg7 20. Bd3 Ne7 21. Kh2 Nc5
22. Nc2 Qd7 23. Be4 Nf5 24. Bf2 f6 25. Rg1 fxg5 26. Qxg5 Qf7 27. Qg2 Bh6 28.
Rcd1 Bf4+ 29. Kh1 Rg8 30. Na3 Ne3 31. Bxe3 Bxe3 32. Rge1 Bf4 33. Nb5 Rad8 34.
Bc2 Kh8 35. b3 Qf6 36. a3 Rg7 37. b4 Nb7 38. Qf2 g5 39. Kg2 Rc8 40. Bd3 g4 41.
hxg4 hxg4 42. Rh1+ Kg8 43. fxg4 Rxg4+ 44. Kf1 Qg5 45. Nc3 Rf8 46. Ne4 Qg7 47.
Ke2 Rg2 48. Rdg1 Rxf2+ 49. Nxf2 Bg3 50. Ne4 Qg4+ 51. Kd2 Rf2+ 52. Kc3 Rf3 53.
Rxg3 Qxg3 54. Nxg3 Rxg3 55. Kd2 Rg2+ 56. Kc3 Rg3 57. Kd2 Rg2+ 1/2-1/2

[Event "World Championship (rapid) 2015"]
[Site "Berlin GER"]
[Date "2015.10.11"]
[Round "6"]
[White "Khismatullin, Denis"]
[Black "Morozevich, Alexander"]
[Result "1-0"]
[WhiteElo "2651"]
[BlackElo "2711"]
[PlyCount "67"]
[EventDate "2015.10.10"]

1. d4 Nf6 2. c4 e6 3. Nc3 Bb4 4. e3 O-O 5. Bd3 b6 6. Nge2 Bb7 7. a3 Bxc3+ 8.
Nxc3 d5 9. cxd5 Nxd5 10. O-O Nxc3 11. bxc3 c5 12. Bb2 Nc6 13. Qh5 f5 14. Rad1
Qf6 15. Ba1 Rad8 16. Be2 Qe7 17. c4 Na5 18. dxc5 Nb3 19. cxb6 Nxa1 20. Rxa1 Rf6
21. Qh4 Bxg2 22. Kxg2 Rg6+ 23. Qg3 axb6 24. Rab1 Rd2 25. Bf3 Qc5 26. Rfd1 Ra2
27. Rd8+ Kf7 28. Bh5 Ke7 29. Bxg6 Kxd8 30. Rd1+ Kc8 31. Be8 g6 32. Bd7+ Kb7 33.
Bxe6 Ka6 34. Rd8 1-0

[Event "World Championship (rapid) 2015"]
[Site "Berlin GER"]
[Date "2015.10.11"]
[Round "6"]
[White "Kovalenko, Igor"]
[Black "Malakhov, Vladimir"]
[Result "1/2-1/2"]
[WhiteElo "2700"]
[BlackElo "2694"]
[PlyCount "197"]
[EventDate "2015.10.10"]

1. Nf3 d5 2. c4 c6 3. e3 Nf6 4. Nc3 a6 5. h3 e6 6. b3 c5 7. Bb2 Nc6 8. cxd5
exd5 9. Rc1 Be6 10. Na4 Nd7 11. d4 cxd4 12. Nxd4 Bb4+ 13. Nc3 Qe7 14. Be2 O-O
15. O-O Nxd4 16. Qxd4 Nf6 17. Bf3 Rfd8 18. Ne2 Ba3 19. Nf4 Bxb2 20. Qxb2 Rac8
21. Rcd1 h6 22. Rd2 Rd7 23. Rfd1 Qc5 24. Qe5 Qc7 25. Qxc7 Rcxc7 26. Nxd5 Bxd5
27. Bxd5 Nxd5 28. Rxd5 Rxd5 29. Rxd5 Rc1+ 30. Kh2 Rc2 31. Kg3 Rxa2 32. Rd8+ Kh7
33. Rd7 Kg8 34. Rxb7 a5 35. Rb5 g6 36. f4 a4 37. bxa4 Rxa4 38. Kf3 h5 39. f5
Kg7 40. e4 gxf5 41. Rxf5 Kg6 42. Kf4 f6 43. Rc5 Ra1 44. Rc6 Rf1+ 45. Ke3 Kg7
46. Ke2 Ra1 47. Kf3 Ra2 48. Rb6 Rc2 49. Re6 Kf7 50. Rd6 Kg7 51. Rd5 Kg6 52. Rf5
Ra2 53. Rc5 Rb2 54. Rc8 Kg7 55. h4 Rb1 56. Re8 Rf1+ 57. Ke2 Ra1 58. Rd8 Rh1 59.
g3 Ra1 60. Rd5 Kg6 61. Rd6 Kg7 62. Kf2 Ra3 63. Rd5 Kg6 64. Rf5 Rb3 65. Rf3 Rb2+
66. Ke3 Rb4 67. Rf2 Rb1 68. Kf4 Rg1 69. Rf3 Re1 70. Rf2 Rg1 71. Rf3 Re1 72. Rc3
Rf1+ 73. Ke3 Ra1 74. Rc6 Kg7 75. Rd6 Rb1 76. Ra6 Rc1 77. Ra2 Kg6 78. Rg2 Re1+
79. Kf3 f5 80. exf5+ Kxf5 81. Rb2 Kg6 82. Rb6+ Kg7 83. Kf4 Ra1 84. Re6 Ra3 85.
Re3 Ra4+ 86. Kf5 Rg4 87. Rd3 Kf7 88. Rc3 Kg7 89. Rb3 Kf7 90. Re3 Kg7 91. Ke6
Rg6+ 92. Ke7 Rg4 93. Rb3 Re4+ 94. Kd6 Rg4 95. Ke5 Kf7 96. Kf5 Kg7 97. Rc3 Kf7
98. Rc7+ Kg8 99. Rc3 1/2-1/2

[Event "World Championship (rapid) 2015"]
[Site "Berlin GER"]
[Date "2015.10.11"]
[Round "6"]
[White "Ivanchuk, Vassily"]
[Black "Dlugy, Maxim"]
[Result "1-0"]
[WhiteElo "2726"]
[BlackElo "2518"]
[PlyCount "89"]
[EventDate "2015.10.10"]

1. Nf3 Nf6 2. c4 g6 3. g3 Bg7 4. Bg2 O-O 5. O-O d6 6. Nc3 c6 7. e4 e5 8. d4 Qa5
9. h3 Nbd7 10. Re1 exd4 11. Nxd4 Ne5 12. Bf1 Re8 13. Be3 c5 14. Nf3 Nxf3+ 15.
Qxf3 Nd7 16. Qd1 Ne5 17. Kg2 Be6 18. Nd5 Nc6 19. Bd2 Qd8 20. Rb1 Qd7 21. h4 Nd4
22. f3 f5 23. Bd3 Bxd5 24. cxd5 b5 25. b3 Rac8 26. Rc1 Qf7 27. Be3 a6 28. Bxd4
Bxd4 29. exf5 gxf5 30. Qc2 Rxe1 31. Rxe1 Re8 32. Rxe8+ Qxe8 33. Bxf5 Qe7 34.
Bc8 a5 35. Be6+ Kh8 36. Qd3 Qe8 37. f4 a4 38. bxa4 bxa4 39. Kh3 Bg7 40. Qa6 Bf8
41. Qc6 Qb8 42. Bf5 Qa7 43. Qe8 Kg7 44. h5 h6 45. Be6 1-0

[Event "World Championship (rapid) 2015"]
[Site "Berlin GER"]
[Date "2015.10.11"]
[Round "6"]
[White "Zvjaginsev, Vadim"]
[Black "Grischuk, Alexander"]
[Result "1/2-1/2"]
[WhiteElo "2660"]
[BlackElo "2774"]
[PlyCount "35"]
[EventDate "2015.10.10"]

1. e4 e5 2. Nc3 Nc6 3. Bc4 Nf6 4. d3 Bb4 5. Nf3 d6 6. O-O Bxc3 7. bxc3 h6 8.
Nd2 O-O 9. Bb3 Be6 10. Nc4 a5 11. Ne3 d5 12. exd5 Nxd5 13. Bxd5 Bxd5 14. f4
exf4 15. Rxf4 Be6 16. Ba3 Re8 17. Qf3 Ne7 18. Rd4 1/2-1/2

[Event "World Championship (rapid) 2015"]
[Site "Berlin GER"]
[Date "2015.10.11"]
[Round "6"]
[White "Dominguez Perez, Leinier"]
[Black "Safarli, Eltaj"]
[Result "1/2-1/2"]
[WhiteElo "2732"]
[BlackElo "2657"]
[PlyCount "57"]
[EventDate "2015.10.10"]

1. e4 e5 2. Nf3 Nc6 3. Bb5 a6 4. Ba4 d6 5. O-O Bd7 6. d4 exd4 7. Nxd4 b5 8.
Nxc6 Bxc6 9. Bb3 Nf6 10. Re1 Be7 11. c4 O-O 12. Nc3 Nd7 13. cxb5 axb5 14. Nd5
Bf6 15. Qc2 Nc5 16. Be3 Nxb3 17. Qxb3 Bxd5 18. exd5 Re8 19. Rec1 Be5 20. Rc2
Qh4 21. g3 Qa4 22. Qd3 h5 23. b3 Qg4 24. Rd1 h4 25. Qe2 Qe4 26. Qd3 Qg4 27. Qe2
Qg6 28. Qd3 Qg4 29. Qe2 1/2-1/2

[Event "World Championship (rapid) 2015"]
[Site "Berlin GER"]
[Date "2015.10.11"]
[Round "6"]
[White "Svidler, Peter"]
[Black "Seirawan, Yasser"]
[Result "1-0"]
[WhiteElo "2727"]
[BlackElo "2620"]
[PlyCount "89"]
[EventDate "2015.10.10"]

1. e4 c6 2. d4 d5 3. e5 Bf5 4. Nf3 e6 5. Be2 Ne7 6. O-O c5 7. c4 dxc4 8. Na3
Nec6 9. Bg5 Be7 10. Bxe7 Qxe7 11. Nxc4 O-O 12. dxc5 Nd7 13. Qd2 Rad8 14. Nd6
Nxc5 15. Qe3 b6 16. Bb5 Nb4 17. Nd4 Nc2 18. Nxc2 Bxc2 19. Rac1 Bg6 20. Rfd1 a5
21. Rd4 f6 22. Rcd1 fxe5 23. Qxe5 Qf6 24. f4 Qxe5 25. fxe5 h5 26. h3 Kh7 27.
Be2 Kh6 28. Nf7+ Rxf7 29. Rxd8 Rf5 30. Rh8+ Kg5 31. Bxh5 Bxh5 32. Rxh5+ Kxh5
33. g4+ Kg5 34. gxf5 Kxf5 35. Rd6 Na4 36. b3 Nc3 37. Rxb6 Nxa2 38. Rb5 Nc1 39.
Kf2 Ke4 40. h4 g6 41. Ke1 Nd3+ 42. Kd2 Nxe5 43. Rxa5 Nf3+ 44. Kc3 Nxh4 45. Ra4+
1-0

[Event "World Championship (rapid) 2015"]
[Site "Berlin GER"]
[Date "2015.10.11"]
[Round "6"]
[White "Grigoriants, Sergey"]
[Black "Andreikin, Dmitry"]
[Result "0-1"]
[WhiteElo "2603"]
[BlackElo "2720"]
[PlyCount "66"]
[EventDate "2015.10.10"]

1. e4 c5 2. Nf3 e6 3. d4 cxd4 4. Nxd4 Nc6 5. Nc3 d6 6. Be3 Nf6 7. f3 Be7 8. Qd2
O-O 9. g4 a6 10. O-O-O Nxd4 11. Bxd4 b5 12. Kb1 b4 13. Ne2 d5 14. e5 Nd7 15. f4
a5 16. f5 Bg5 17. Nf4 a4 18. h4 Bxf4 19. Qxf4 Qc7 20. Qg5 f6 21. exf6 Nxf6 22.
fxe6 Bxe6 23. Bd3 Ne4 24. Bxe4 dxe4 25. Rc1 Bxa2+ 26. Kxa2 Qc4+ 27. Kb1 Qxd4
28. Rhd1 Qa7 29. Qd5+ Kh8 30. Qxe4 b3 31. Qb4 a3 32. Qxa3 bxc2+ 33. Rxc2 Qf7
0-1

[Event "World Championship (rapid) 2015"]
[Site "Berlin GER"]
[Date "2015.10.11"]
[Round "6"]
[White "Kravtsiv, Martyn"]
[Black "Eljanov, Pavel"]
[Result "1-0"]
[WhiteElo "2621"]
[BlackElo "2717"]
[PlyCount "143"]
[EventDate "2015.10.10"]

1. e4 c6 2. d4 d5 3. Nc3 dxe4 4. Nxe4 Bf5 5. Ng3 Bg6 6. h4 h6 7. Nf3 e6 8. Ne5
Bh7 9. Bd3 Bxd3 10. Qxd3 Nd7 11. f4 Bb4+ 12. c3 Be7 13. Nf3 Ngf6 14. Bd2 O-O
15. O-O-O Qc7 16. Kb1 c5 17. dxc5 Nxc5 18. Qc2 Rfd8 19. Bc1 b5 20. Ne2 a5 21.
Rxd8+ Rxd8 22. Rd1 Rc8 23. Ne5 b4 24. g4 bxc3 25. Nxc3 Nce4 26. g5 Nxc3+ 27.
Qxc3 Qxc3 28. bxc3 Nd5 29. Bd2 Nxc3+ 30. Bxc3 Rxc3 31. Kb2 Rc7 32. Kb3 Rb7+ 33.
Ka4 Rb4+ 34. Kxa5 Rxf4 35. Nc6 Bc5 36. Kb5 Rf5 37. gxh6 gxh6 38. a4 Bf2+ 39.
Ka6 Kg7 40. a5 e5 41. Rd5 Rf6 42. Kb5 e4 43. a6 Re6 44. Rf5 e3 45. Nd4 Re7 46.
Ne2 Kg6 47. Rc5 f5 48. Kb6 Kh5 49. Rxf5+ Kg4 50. Rf4+ Kh3 51. Rc4 Bxh4 52. a7
Re8 53. Kb7 h5 54. Rc8 Re7+ 55. Rc7 Re8 56. Rg7 Bf6 57. Rg6 Re7+ 58. Ka6 Re6+
59. Kb5 Re5+ 60. Ka4 Re8 61. Rxf6 Ra8 62. Rf7 Kg4 63. Kb5 h4 64. Kb6 h3 65. Rh7
Rf8 66. Rg7+ Kf5 67. Kb7 h2 68. Rh7 Kg4 69. Rxh2 Rf2 70. Rh1 Rf7+ 71. Kb6 Rf8
72. Ra1 1-0

[Event "World Championship (rapid) 2015"]
[Site "Berlin GER"]
[Date "2015.10.11"]
[Round "6"]
[White "Dreev, Aleksey"]
[Black "Ganguly, Surya Shekhar"]
[Result "1-0"]
[WhiteElo "2644"]
[BlackElo "2652"]
[PlyCount "189"]
[EventDate "2015.10.10"]

1. d4 Nf6 2. c4 e6 3. Nf3 b6 4. g3 Ba6 5. b3 Bb4+ 6. Bd2 Be7 7. Nc3 d5 8. Bg2
c6 9. O-O O-O 10. Bf4 Nbd7 11. Nd2 Rc8 12. a4 Bb4 13. Rc1 c5 14. cxd5 cxd4 15.
Na2 Rxc1 16. Qxc1 Bxd2 17. Qxd2 e5 18. Nb4 Bb7 19. Bg5 h6 20. Bxf6 Nxf6 21. Nc6
Qd6 22. f4 e4 23. Nxd4 Qxd5 24. e3 Rc8 25. Rc1 Rc5 26. Bf1 a5 27. Rd1 Qd7 28.
h3 Qc8 29. g4 Bd5 30. Be2 Kh7 31. Qe1 g6 32. Kf2 Kg7 33. Qd2 Qc7 34. Qb2 Qe7
35. g5 hxg5 36. fxg5 Kg8 37. gxf6 Qxf6+ 38. Ke1 Qh4+ 39. Kd2 Qxh3 40. Rg1 Qh2
41. Rg5 Qh8 42. b4 axb4 43. Qxb4 Qf6 44. Rg1 Rc8 45. Rb1 Qf2 46. Rf1 Qh2 47.
Re1 Qc7 48. Rb1 Ba2 49. Ra1 Bd5 50. Qa3 Qa7 51. Qb4 Qc7 52. Rf1 Qd8 53. Rg1 Qc7
54. Qb2 Qc5 55. Bb5 Qd6 56. Rc1 Rd8 57. Qc3 Be6 58. Be2 Rc8 59. Qb2 Rc5 60. Rb1
Rc6 61. Qb4 Qd8 62. Rh1 Rc5 63. Qb2 Qd6 64. Rb1 Rc6 65. Qb5 Bd7 66. Qb4 Qd5 67.
Qb3 Qd6 68. Bc4 Qh2+ 69. Be2 Qd6 70. Rf1 Be6 71. Qb2 Rc5 72. Rh1 Bd7 73. Rh4
Bxa4 74. Bd1 Rg5 75. Qc3 Rc5 76. Qa1 Ra5 77. Bxa4 Qb4+ 78. Qc3 Rxa4 79. Qxb4
Rxb4 80. Rxe4 f5 81. Rh4 Kf7 82. Nxf5 Rxh4 83. Nxh4 Kf6 84. Kd3 g5 85. Nf3 Kf5
86. e4+ Kf4 87. e5 Kf5 88. Kd4 g4 89. Nh4+ Ke6 90. Ng2 g3 91. Ke4 b5 92. Nf4+
Ke7 93. Kf3 b4 94. Kxg3 b3 95. Nd3 1-0

[Event "World Championship (rapid) 2015"]
[Site "Berlin GER"]
[Date "2015.10.11"]
[Round "6"]
[White "Navara, David"]
[Black "Perunovic, Milos"]
[Result "1-0"]
[WhiteElo "2734"]
[BlackElo "2622"]
[PlyCount "65"]
[EventDate "2015.10.10"]

1. e4 c5 2. Nf3 e6 3. d4 cxd4 4. Nxd4 Nc6 5. Nc3 Qc7 6. Be2 Nf6 7. O-O a6 8.
Be3 Bb4 9. Na4 O-O 10. c4 Be7 11. Nc3 b6 12. f4 Nxd4 13. Qxd4 Bc5 14. Qd3 d6
15. Kh1 Bb7 16. Bd2 Rfd8 17. Be1 d5 18. cxd5 exd5 19. e5 Ne4 20. Bh4 Be7 21.
Bxe7 Qxe7 22. Bf3 Qc5 23. Qe2 Nxc3 24. bxc3 Rac8 25. f5 Qxc3 26. e6 fxe6 27.
fxe6 Re8 28. e7 Qc6 29. Bg4 Rb8 30. Rac1 Qd6 31. Qe6+ Qxe6 32. Bxe6+ Kh8 33.
Rc7 1-0

[Event "World Championship (rapid) 2015"]
[Site "Berlin GER"]
[Date "2015.10.11"]
[Round "6"]
[White "Belov, Vladimir"]
[Black "Anand, Viswanathan"]
[Result "0-1"]
[WhiteElo "2614"]
[BlackElo "2803"]
[PlyCount "94"]
[EventDate "2015.10.10"]

1. d4 Nf6 2. c4 e6 3. Nf3 d5 4. Nc3 c6 5. Bg5 h6 6. Bxf6 Qxf6 7. Qb3 Nd7 8. e4
dxe4 9. Nxe4 Qf4 10. Bd3 e5 11. dxe5 Nxe5 12. Nxe5 Qxe5 13. O-O Be7 14. Rfe1
O-O 15. Ng3 Qc7 16. Bf5 Bf6 17. Rad1 Bxf5 18. Nxf5 Rfe8 19. g3 Rxe1+ 20. Rxe1
Qa5 21. Ne7+ Kf8 22. Re3 Re8 23. Qxb7 Bxe7 24. Qxc6 Qxa2 25. b3 Qa5 26. Qe4 Qd8
27. Qh7 f6 28. Rd3 Qc8 29. Rd5 Rd8 30. c5 Kf7 31. Qd3 a5 32. Rxd8 Qxd8 33. Qc4+
Kf8 34. c6 Bd6 35. h4 Bc7 36. Qe6 Qd6 37. Qc8+ Kf7 38. Qb7 h5 39. Qb5 g6 40.
Qc4+ Qe6 41. Qb5 f5 42. Qb7 Qe5 43. Qa6 Qe1+ 44. Kg2 Qe4+ 45. Kg1 f4 46. gxf4
Qxf4 47. Kf1 Qxh4 0-1

[Event "World Championship (rapid) 2015"]
[Site "Berlin GER"]
[Date "2015.10.11"]
[Round "6"]
[White "Swiercz, Dariusz"]
[Black "Rublevsky, Sergei"]
[Result "0-1"]
[WhiteElo "2620"]
[BlackElo "2702"]
[PlyCount "120"]
[EventDate "2015.10.10"]

1. e4 c5 2. Nf3 e6 3. d4 cxd4 4. Nxd4 Nc6 5. Nc3 a6 6. Nxc6 bxc6 7. Bd3 Qc7 8.
O-O Nf6 9. Qe2 d5 10. Bg5 Bb7 11. Rae1 Bb4 12. a3 Bxc3 13. bxc3 Nxe4 14. Bxe4
dxe4 15. Qxe4 O-O 16. Rb1 e5 17. Be3 Bc8 18. Bc5 Re8 19. Rfd1 Be6 20. Bd6 Qc8
21. c4 Bf5 22. Qe2 Bg4 23. f3 Bh5 24. g4 Bg6 25. c5 f6 26. Rb6 e4 27. f4 e3 28.
f5 Bf7 29. Rb4 a5 30. Rf4 Qb7 31. h4 Qb2 32. a4 Bb3 33. Re1 Qxc2 34. Qxc2 Bxc2
35. Kg2 Ra7 36. Kf3 e2 37. Kf2 Bd1 38. g5 Rb7 39. Rg1 fxg5 40. hxg5 Rb2 41. Re1
Rb4 42. Bc7 Rxf4+ 43. Bxf4 Re4 44. Bd2 Rxa4 45. Rh1 Ra3 46. f6 a4 47. Be1 Rd3
48. Rh4 a3 49. Re4 gxf6 50. gxf6 Kf7 51. Re7+ Kxf6 52. Rxh7 Ke5 53. Ra7 Kd5 54.
Bb4 Rb3 55. Be1 Kxc5 56. Ra6 Kb5 57. Ra5+ Kc4 58. Ra4+ Kd3 59. Bb4 Rxb4 60.
Rxb4 a2 0-1

[Event "World Championship (rapid) 2015"]
[Site "Berlin GER"]
[Date "2015.10.11"]
[Round "6"]
[White "Vachier-Lagrave, Maxime"]
[Black "Hansen, Eric"]
[Result "1-0"]
[WhiteElo "2758"]
[BlackElo "2573"]
[PlyCount "83"]
[EventDate "2015.10.10"]

1. Nf3 Nf6 2. g3 g6 3. Bg2 Bg7 4. b3 Ne4 5. d4 d5 6. O-O O-O 7. c4 c6 8. Nbd2
Bf5 9. Bb2 Nxd2 10. Nxd2 Qd7 11. Re1 Rd8 12. e3 Na6 13. a3 Nc5 14. Bc3 Ne4 15.
Nxe4 Bxe4 16. f3 Bf5 17. Rc1 Rac8 18. g4 Be6 19. c5 b6 20. b4 bxc5 21. bxc5 Rb8
22. Bf1 f5 23. g5 f4 24. exf4 Bf5 25. Kf2 Qc7 26. Kg3 Rf8 27. Qd2 Rf7 28. Ba5
Qd7 29. Rc3 Rbf8 30. Rb3 Qc8 31. Qb2 Bd7 32. Bd2 Qc7 33. Rb7 Qd8 34. h4 Bc8 35.
Rxa7 Bf5 36. a4 h6 37. a5 e5 38. Rxf7 exf4+ 39. Bxf4 Rxf7 40. a6 hxg5 41. hxg5
Bc8 42. Qb8 1-0

[Event "World Championship (rapid) 2015"]
[Site "Berlin GER"]
[Date "2015.10.11"]
[Round "7"]
[White "Guseinov, Gadir"]
[Black "Karjakin, Sergey"]
[Result "1/2-1/2"]
[WhiteElo "2634"]
[BlackElo "2762"]
[PlyCount "151"]
[EventDate "2015.10.10"]

1. e4 c5 2. Nc3 d6 3. Nf3 Nf6 4. d4 cxd4 5. Nxd4 a6 6. Be3 e5 7. Nf3 Be7 8. Bc4
O-O 9. O-O Qc7 10. Bb3 Be6 11. Nh4 g6 12. Bh6 Re8 13. Qd2 Ng4 14. Nf3 Nxh6 15.
Qxh6 Nd7 16. Nd5 Bxd5 17. Bxd5 Bf6 18. c3 Nb6 19. Rfd1 Rad8 20. Ng5 Bxg5 21.
Qxg5 Nxd5 22. Rxd5 Rc8 23. Qe3 Re6 24. h3 Kg7 25. Rad1 Qc4 26. a3 Rc6 27. R1d2
h5 28. Kh2 Qb3 29. Qd3 Rf6 30. Qe3 Qb6 31. Qxb6 Rxb6 32. c4 Rc6 33. b3 h4 34.
f3 Kh6 35. a4 Kg5 36. a5 Kf4 37. Ra2 Re6 38. Ra4 Re7 39. Rb4 Rec7 40. Rd3 f6
41. Ra4 b6 42. axb6 Rxb6 43. Ra5 f5 44. Rad5 fxe4 45. fxe4 Rcc6 46. Rf3+ Kxe4
47. Rd1 Rb7 48. Kg1 Rcb6 49. Rdd3 a5 50. Kf2 Ra6 51. Ke2 a4 52. Rde3+ Kd4 53.
Rd3+ Kc5 54. Rd5+ Kb4 55. bxa4 Kxc4 56. Rfd3 Rb2+ 57. Ke3 Rxa4 58. Rxd6 Raa2
59. Rc6+ Kb5 60. Rdd6 Rb3+ 61. Ke4 Re2+ 62. Kd5 Rd3+ 63. Ke6 Rxd6+ 64. Rxd6 Kc4
65. Rd5 e4 66. Ke5 e3 67. Ke4 Rxg2 68. Rd4+ Kc5 69. Kxe3 g5 70. Rd8 Rg3+ 71.
Ke4 Kc4 72. Kf5 Kc3 73. Rd7 Rxh3 74. Kxg5 Rh1 75. Kg4 h3 76. Kg3 1/2-1/2

[Event "World Championship (rapid) 2015"]
[Site "Berlin GER"]
[Date "2015.10.11"]
[Round "7"]
[White "Kryvoruchko, Yuriy"]
[Black "Kramnik, Vladimir"]
[Result "1/2-1/2"]
[WhiteElo "2710"]
[BlackElo "2777"]
[PlyCount "106"]
[EventDate "2015.10.10"]

1. e4 e5 2. Nf3 Nc6 3. Bc4 Bc5 4. c3 Nf6 5. d3 d6 6. O-O a6 7. Nbd2 O-O 8. Bb3
Be6 9. Re1 h6 10. Nf1 Bxb3 11. axb3 d5 12. Qe2 Ng4 13. d4 exd4 14. Nxd4 Qh4 15.
h3 Nf6 16. Nxc6 bxc6 17. e5 Rfe8 18. Ra4 Ne4 19. Be3 Bxe3 20. Qxe3 Qe7 21. Nd2
Nxd2 22. Qxd2 a5 23. f4 Qe6 24. Qd4 Qf5 25. Qd1 f6 26. g4 Qd7 27. exf6 Rxe1+
28. Qxe1 gxf6 29. Qf2 Qe7 30. b4 Qe4 31. Rxa5 Re8 32. Ra1 Qd3 33. Re1 Re4 34.
Kg2 Kf7 35. f5 h5 36. gxh5 Rxe1 37. Qxe1 Qxf5 38. Qe2 Qe4+ 39. Kf2 f5 40. h6
Kg6 41. h7 Kxh7 42. Qh5+ Kg7 43. Qg5+ Kf7 44. Qh6 f4 45. Qxc6 Qe3+ 46. Kf1
Qxh3+ 47. Kf2 Qe3+ 48. Kf1 Qe5 49. Kf2 Ke7 50. b5 d4 51. cxd4 Qxd4+ 52. Kf3
Qe3+ 53. Kg4 Qe6+ 1/2-1/2

[Event "World Championship (rapid) 2015"]
[Site "Berlin GER"]
[Date "2015.10.11"]
[Round "7"]
[White "Kasimdzhanov, Rustam"]
[Black "Aronian, Levon"]
[Result "1/2-1/2"]
[WhiteElo "2704"]
[BlackElo "2784"]
[PlyCount "73"]
[EventDate "2015.10.10"]

1. d4 Nf6 2. c4 e6 3. Nf3 d5 4. g3 Bb4+ 5. Bd2 Be7 6. Bg2 Nbd7 7. O-O c6 8. Qc2
O-O 9. Rd1 b6 10. Ne5 Nxe5 11. dxe5 Nd7 12. cxd5 cxd5 13. Bc3 Qc7 14. e4 d4 15.
Rxd4 Nxe5 16. Rd1 Ba6 17. Qa4 Be2 18. Re1 Bh5 19. Nd2 Rfd8 20. Qb5 Bc5 21. Nb3
a6 22. Qf1 Be7 23. Re3 Nc4 24. Ree1 b5 25. Rac1 Qb6 26. e5 Rac8 27. Re4 Bg5 28.
Rce1 Bg6 29. Rd4 h6 30. Red1 Rxd4 31. Bxd4 Qc7 32. Qe2 a5 33. h4 Be7 34. Nd2 a4
35. Nxc4 Qxc4 36. Qxc4 bxc4 37. Bc3 1/2-1/2

[Event "World Championship (rapid) 2015"]
[Site "Berlin GER"]
[Date "2015.10.11"]
[Round "7"]
[White "Gelfand, Boris"]
[Black "Zhigalko, Sergei"]
[Result "0-1"]
[WhiteElo "2741"]
[BlackElo "2656"]
[PlyCount "64"]
[EventDate "2015.10.10"]

1. d4 Nf6 2. c4 e6 3. Nf3 b6 4. g3 Ba6 5. b3 Bb4+ 6. Bd2 Be7 7. Bg2 c6 8. O-O
d5 9. Qc2 O-O 10. Rd1 Nbd7 11. a4 Ne4 12. Be1 f5 13. Na3 Rc8 14. b4 c5 15. dxc5
bxc5 16. b5 Bb7 17. e3 Bf6 18. Rac1 Qe7 19. Qb3 Kh8 20. a5 Rfd8 21. Nb1 d4 22.
Qa3 e5 23. Nfd2 Qf7 24. Nb3 dxe3 25. fxe3 Bg5 26. N3d2 Ndf6 27. a6 Ba8 28. Nf3
Rxd1 29. Rxd1 Qxc4 30. Nxe5 Qe2 31. Qd3 Bxe3+ 32. Kh1 Nxg3+ 0-1

[Event "World Championship (rapid) 2015"]
[Site "Berlin GER"]
[Date "2015.10.11"]
[Round "7"]
[White "Dubov, Daniil"]
[Black "Nguyen, Ngoc Truong Son"]
[Result "1/2-1/2"]
[WhiteElo "2661"]
[BlackElo "2634"]
[PlyCount "23"]
[EventDate "2015.10.10"]

1. d4 Nf6 2. Nf3 g6 3. c4 Bg7 4. g3 O-O 5. Bg2 c6 6. Nc3 d5 7. cxd5 cxd5 8. Ne5
Bf5 9. O-O Ne4 10. Bf4 Nc6 11. Rc1 Rc8 12. Nxe4 1/2-1/2

[Event "World Championship (rapid) 2015"]
[Site "Berlin GER"]
[Date "2015.10.11"]
[Round "7"]
[White "Tomashevsky, Evgeny"]
[Black "Khismatullin, Denis"]
[Result "1/2-1/2"]
[WhiteElo "2758"]
[BlackElo "2651"]
[PlyCount "145"]
[EventDate "2015.10.10"]

1. Nf3 Nf6 2. c4 e6 3. g3 a6 4. Bg2 b5 5. b3 Bb7 6. O-O c5 7. Nc3 Qa5 8. Bb2
Be7 9. e4 d6 10. e5 dxe5 11. Nxe5 Qc7 12. Re1 bxc4 13. Nxc4 O-O 14. Ne4 Nbd7
15. Rc1 Rad8 16. d3 Qb8 17. Qe2 Rfe8 18. Na5 Ba8 19. Nxf6+ Nxf6 20. Bxf6 gxf6
21. Nc6 Bxc6 22. Bxc6 Rf8 23. Be4 Rfe8 24. Bc6 Rf8 25. Be4 Rfe8 26. Qg4+ Kh8
27. Qh5 f5 28. Bxf5 exf5 29. Qxf7 Bg5 30. Rxe8+ Rxe8 31. Rxc5 Qa8 32. Qd5 Qxd5
33. Rxd5 Rf8 34. Ra5 Rf6 35. f4 Bh6 36. b4 Bf8 37. b5 axb5 38. Rxb5 Kg7 39. Kf2
Kg6 40. a4 Rc6 41. Kf3 Rc2 42. h3 Rh2 43. Rb6+ Kf7 44. Rb5 Ke6 45. a5 Bd6 46.
a6 Ra2 47. g4 fxg4+ 48. hxg4 Rxa6 49. Rh5 Ra7 50. Ke4 Bf8 51. d4 Kf6 52. Rf5+
Kg7 53. Rb5 Bd6 54. Rg5+ Kf7 55. Rf5+ Ke6 56. Rh5 Re7 57. g5 Kd7+ 58. Kf3 Rf7
59. Rh4 Kc6 60. Ke4 Re7+ 61. Kf5 Kd5 62. g6 hxg6+ 63. Kxg6 Re4 64. Rh5+ Kxd4
65. Ra5 Re1 66. f5 Rg1+ 67. Kf7 Bc5 68. f6 Kd5 69. Rxc5+ Kxc5 70. Ke7 Re1+ 71.
Kd7 Rf1 72. Ke7 Rxf6 73. Kxf6 1/2-1/2

[Event "World Championship (rapid) 2015"]
[Site "Berlin GER"]
[Date "2015.10.11"]
[Round "7"]
[White "Mamedyarov, Shakhriyar"]
[Black "Vidit, Santosh Gujrathi"]
[Result "1-0"]
[WhiteElo "2736"]
[BlackElo "2651"]
[PlyCount "195"]
[EventDate "2015.10.10"]

1. d4 Nf6 2. c4 g6 3. Bg5 Bg7 4. Nc3 d5 5. Bxf6 Bxf6 6. cxd5 c5 7. dxc5 Nd7 8.
Nf3 Nxc5 9. e3 O-O 10. Rc1 Qb6 11. Qd2 Bf5 12. Bc4 Ne4 13. Nxe4 Bxe4 14. Bb3
Rfd8 15. O-O e6 16. Qe2 exd5 17. Rcd1 a5 18. Nd2 Bf5 19. e4 dxe4 20. Nxe4 Rxd1
21. Rxd1 Rd8 22. Nxf6+ Qxf6 23. Rxd8+ Qxd8 24. g4 Bd7 25. Qf3 Qe8 26. Bd5 Bc6
27. Bxc6 bxc6 28. h3 Qe1+ 29. Kg2 Qe6 30. b3 h6 31. Qd3 Kh7 32. Qd4 Qe7 33. Qc4
c5 34. Kf3 Qf6+ 35. Qf4 Qc6+ 36. Ke3 Qd5 37. Qe4 Qd1 38. Qc4 Qe1+ 39. Kf3 Qe7
40. Qc3 Qb7+ 41. Ke3 Qc7 42. Kd3 a4 43. Kc4 axb3 44. axb3 Qc6 45. Qe3 Qa6+ 46.
Kxc5 Qa5+ 47. Kc4 Qa6+ 48. Kc3 Qa1+ 49. Kb4 Qa6 50. Qc5 Qd3 51. Qe3 Qd6+ 52.
Kc3 Qa3 53. f4 Qa1+ 54. Kb4 Qa6 55. Qe4 Qb6+ 56. Kc3 Qc5+ 57. Kd3 Qc1 58. Qc4
Qd1+ 59. Ke3 Qg1+ 60. Ke4 Qg2+ 61. Ke5 Kg7 62. Qc3 Qb7 63. b4 Kg8 64. f5 Qe7+
65. Kd5 Qb7+ 66. Kd4 Qd7+ 67. Ke4 gxf5+ 68. gxf5 Qe7+ 69. Kf3 Qh4 70. Ke2 Qe4+
71. Kd2 Qxf5 72. Qd3 Qe5 73. b5 Qb2+ 74. Ke3 Qe5+ 75. Kf3 Qf6+ 76. Ke4 Qe6+ 77.
Kd4 Qd6+ 78. Kc4 Qc7+ 79. Kb4 Qe7+ 80. Kb3 Qe6+ 81. Ka4 Qa2+ 82. Kb4 Qb2+ 83.
Kc4 Qc1+ 84. Qc3 Qf1+ 85. Kb4 Qb1+ 86. Ka5 Qa2+ 87. Kb6 Qe6+ 88. Ka7 Qa2+ 89.
Kb8 Qf2 90. Qc7 Qd4 91. b6 Qd3 92. b7 Kg7 93. Qe5+ f6 94. Qe6 h5 95. h4 Qd4 96.
Kc7 Qc5+ 97. Qc6 Qe5+ 98. Kc8 1-0

[Event "World Championship (rapid) 2015"]
[Site "Berlin GER"]
[Date "2015.10.11"]
[Round "7"]
[White "Vallejo Pons, Francisco"]
[Black "Ivanchuk, Vassily"]
[Result "1/2-1/2"]
[WhiteElo "2684"]
[BlackElo "2726"]
[PlyCount "41"]
[EventDate "2015.10.10"]

1. e4 e5 2. Nf3 Nc6 3. Bb5 a6 4. Ba4 Nf6 5. d3 Bc5 6. O-O d6 7. c3 O-O 8. h3
Ba7 9. Re1 b5 10. Bc2 Ne7 11. Nbd2 Ng6 12. Nf1 Re8 13. Ng3 Bb7 14. d4 c5 15.
dxe5 dxe5 16. Qxd8 Raxd8 17. Be3 Ra8 18. a4 h6 19. axb5 axb5 20. Ra5 Bc6 21.
Rea1 1/2-1/2

[Event "World Championship (rapid) 2015"]
[Site "Berlin GER"]
[Date "2015.10.11"]
[Round "7"]
[White "Bruzon Batista, Lazaro"]
[Black "Svidler, Peter"]
[Result "0-1"]
[WhiteElo "2659"]
[BlackElo "2727"]
[PlyCount "74"]
[EventDate "2015.10.10"]

1. e4 c5 2. Nf3 e6 3. d4 cxd4 4. Nxd4 a6 5. c4 Nf6 6. Nc3 Qc7 7. a3 b6 8. Be3
Bb7 9. f3 d6 10. Be2 Be7 11. O-O O-O 12. Qd2 Nbd7 13. a4 Rfe8 14. Rfc1 Ne5 15.
a5 bxa5 16. Nb3 Rab8 17. Nxa5 Ba8 18. Na4 Qd8 19. Bd4 Nc6 20. Nxc6 Bxc6 21. Nc3
a5 22. Nb5 d5 23. Na7 Ba8 24. exd5 Bb4 25. Qd1 exd5 26. c5 Nh5 27. c6 Bd6 28.
Nb5 Rxb5 29. c7 Qh4 30. h3 Rbb8 31. cxb8=Q Rxb8 32. Bf2 Qg5 33. Bf1 Qf4 34. Ba6
Qh2+ 35. Kf1 Nf4 36. Rc8+ Rxc8 37. Bxc8 Qh1+ 0-1